| 000 | 00694cab a2200241 4500 | ||
|---|---|---|---|
| 001 | ABS52223 | ||
| 008 | 090401t1995 xxu||||| |||| 00| 0 eng d | ||
| 035 | _a(Sirsi) u66601 | ||
| 041 | _aeng | ||
| 100 | _aMasson, D. | ||
| 245 | _aFollowing a critical path | ||
| 260 | _c1995 | ||
| 350 | _a0 | ||
| 490 |
_aContract Journal _v377(6012) 16 February 1995, 34-35(2) |
||
| 520 | _aConsiders delay-related claims following the "Galoo Ltd & Others v Bright Grahame Murray" 1994. | ||
| 650 | _aCAUSATION | ||
| 650 | _aCONTRACT CLAIMS | ||
| 650 | _aCRITICAL PATH ANALYSIS | ||
| 650 | _aDELAYS | ||
| 690 | _aBUILT ENVIRONMENT-BUILDING CONTRACT FORMS | ||
| 942 | _n0 | ||
| 948 | _c04/03/1997 | ||
| 999 |
_c41600 _d41600 |
||